=LDR 00000nam 2200000 4500 =001 INLIS000000000045592 =005 20150205095222.0 =006 =007 =008 =020 ##$$a 978.602.8225.06-9 =035 ##$$0010-021500000000152 =040 ##$$a NBPDMAT =082 ##$$a 500 =090 ##$$a 500 ser s =245 ##$$a Serial misteri sainsku : Satelit / Tim Bina Sumber Daya Mipa; editor Eko Praptanto; Vinda Swasthipadma =250 ##$$a Cet. 2 =260 ##$$a Jakarta$bBina Sumber Daya Mipa$c2009 =300 ##$$a iv, 32 hlm. : ilus. ; 29 cm =500 ##$$a Bibliografi hlm : 29 =650 ##$$a Sains - Satelit =700 ##$$a Eko Praptanto =700 ##$$a Vinda Swasthipadma =850 ##$$a NBPDMAT =990 ##$$a 1282512825 =990 ##$$a 21420200 =990 ##$$a 21420197 =990 ##$$a 21420198 =990 ##$$a 21420199 =990 ##$$a 21420201 =990 ##$$a 01201436164